| 000 | 00716nab a2200253 a 4500 | ||
|---|---|---|---|
| 001 | 66207 | ||
| 003 | 139037 | ||
| 005 | 20201118110256.0 | ||
| 008 | ||||||n9999 ||| || || | ||
| 041 | _aspa | ||
| 100 | _aTenjo Galarza, Jaime | ||
| 245 | 0 | _aDistribucion de ingresos y recesion economica | |
| 260 |
_aBogotá : _bProvincia Colombia de la Compañia de Jesus, _c1999. |
||
| 300 | _app.241-246 | ||
| 562 | _e0 | ||
| 650 | _aANÁLISIS ECONÓMICO | ||
| 650 | _aCOLOMBIA | ||
| 650 | _aCOMPORTAMIENTO ECONOMICO | ||
| 650 | _aDISTRIBUCIÓN DEL INGRESO | ||
| 650 | _aPOLÍTICA ECONÓMICA | ||
| 650 | _aSITUACIÓN ECONÓMICA | ||
| 773 |
_065636 _aRevista Javeriana - Vol.132 No.654 |
||
| 942 | _cSART | ||
| 999 |
_c66207 _d66207 |
||